| 000 | 01289nam a22002417a 4500 | ||
|---|---|---|---|
| 999 |
_c63699 _d63699 |
||
| 003 | Ge_BSU | ||
| 005 | 20251211151042.0 | ||
| 008 | 251211s2025 ge ||||| |||| 00| 0 geo d | ||
| 020 | _a9789941996481 | ||
| 041 | _ageo | ||
| 080 | _a574(479.22-21) ხ-78 | ||
| 245 |
_aურბანული ეკოლოგია _cშემდგენლები : მ. ხოსიტაშვილი, ს. ჭანტურიძე, ლ. ჟვანია, რ. ჭოჭუა; რედ. ლ. ჟვანია; დიზაინი გ. გელაშვილი. |
||
| 264 |
_aთბილისი, _c[2025]. |
||
| 300 |
_a180 გვ.: _bილ.; _c21 სმ. |
||
| 653 | _aთბილისის ურბანული ეკოლოგია | ||
| 700 |
_aხოსიტაშვილი, მ. _eშემდგენელი _926453 |
||
| 700 |
_a ჭანტურიძე, ს. _eშემდგენელი _926454 |
||
| 700 |
_aჟვანია, ლ. _eშემდგენელი _926455 |
||
| 700 |
_a ჭოჭუა, რ. _eშემდგენელი _926456 |
||
| 700 |
_aჟვანია, ლ. _eრედაქტორი _926455 |
||
| 700 |
_aგელაშვილი, გ. _eდიზაინი _94849 |
||
| 942 |
_2udc _cᲬᲘᲒᲜᲘ |
||